| 000 | 04212nam a2200433Ia 4500 | ||
|---|---|---|---|
| 003 | OSt | ||
| 005 | 20260629142644.0 | ||
| 008 | 2310s2021 ua a frm 000 engnd d | ||
| 040 |
_aEG-EULC _beng _cEG-EULC _dEG-EULC _erda |
||
| 041 | 0 |
_aeng _beng _bara |
|
| 049 | _aDeposit | ||
| 082 | _a610 | ||
| 092 |
_a610 _221 |
||
| 097 | _aM.Sc | ||
| 099 | _aCai01.21.07.M.Sc.2021.Am.E | ||
| 100 |
_aAmany Ibrahim Marae Farek, _epreparation. |
||
| 245 |
_aEfficacy of low-level laser on renal pruritus in hemodialysis patients / _cby Amany Ibrahim Marae Farek ; Supervised Prof.Dr. Zakaria Mowafy Emam, Prof.Dr. Sherif Ahmed Swar, Prof.Dr. Marwa Mahdy Abdelhameed |
||
| 246 | _aفاعلية الليزر منخفض الشدة على الحكة الكلوية في مرضى الغسيل الكلوي | ||
| 264 | 0 | _c2021. | |
| 300 |
_a106 p. : _billustrations ; _c25cm+ _eCD |
||
| 336 |
_2rda content _atext |
||
| 337 |
_2rdamedia _aUnmediated |
||
| 338 |
_2rdacarrier _avolume |
||
| 502 | _aThesis (M.Sc.)-Cairo University - Faculty of Physical Therapy - Department of Physical Therapy for Surgery | ||
| 504 | _aBibliography: p. 81-89. | ||
| 520 | 3 | _aPurpose: The current study was conducted to evaluate efficacy of low-level laser on renal pruritus in hemodialysis patients. Subject and Methods: Thirty patients who established diagnosis of chronic renal failure with age ranged from 35-60years were selected randomly from Hemodialysis Unit of Al-Galaa military Hospital ,Only who agreed to be volunteers participated in the study and were randomized into two groups of equal number, 15 patients for each group, group (A) received low level laser therapy 3times/week for 8 consecutive weeks and anti-histamine and their conventional medical care.group (B) who only received anti-histamine and their conventional medical care Parameters: Itching visual analogue scale (VAS) and 5-D Pruritus scale. Results: The results showed that there was significant decrease in the results of VAS and 5-D pruritus; but the results of group (A) were superior to that of group (B) when comparing the groups results together. Conclusion: It can be concluded that low level laser therapy (LLLT) relief itching pain and can lower progression of renal pruritus in patients undergoing heamodialysis | |
| 520 | 3 | _aالغرض من الدراسة الحالية دراسة فاعلية الليزر منخفض الشدة على الحكة الكلوية في مرضى الغسيل الكلوي واستغرقت الدراسة ٨ أسابيع متتاليه اشترك فيها ۳۰ مريضا تم إختيارهم من وحدة الغسيل الكلوي بمستشفى الجلاء العسكري بالقاهرة تتراوح أعمارهم مابين35-60عاما من الذكوروتم تقسيمهم عشوائيا إلى مجموعتين متساويتين ، المجموعة الأولي تكونت من ۱٥مريضا ممن تلقوا العلاج بالليزر منخفض الشدة ومضادات الهيستامين وكذلك الرعاية الطبية والمجموعة الثانية تكونت من ۱٥مريضا ممن تلقوا فقط العلاج بمضادات الهيستامين وكذلك الرعاية الطبية ولقد تم تقييم فاعلية العلاج عن طريق مقياس شدة الألم والنسخة العربية من مقياس الحكة الجلدية ولقد أظهرت النتائج أن هناك فروق ذات دلالة إحصائية بين كلا المجموعتين وكانت الأفضلية لصالح المجموعة العلاجية الأولى | |
| 530 | _aIssues also as CD. | ||
| 546 | _aText in English and abstract in Arabic & English. | ||
| 650 | _aPhysical Therapy | ||
| 653 | _aRenal Pruritus | ||
| 700 |
_aZakaria Mowafy Emam _ethesis advisor. |
||
| 700 |
_aSherif Ahmed Swar _ethesis advisor. |
||
| 700 |
_aMarwa Mahdy Abdelhameed _ethesis advisor. |
||
| 900 |
_b01-01-2021 _cZakaria Mowafy Emam _cSherif Ahmed Swar _cMarwa Mahdy Abdelhameed _UCairo University _FFaculty of Physical Therapy _DDepartment of Physical Therapy for Surgery |
||
| 905 | _aShimaa | ||
| 942 |
_cTH _2ddc |
||
| 999 | _c163840 | ||